Paesi nominati nella pagina Wikipedia del Cile - Statistics

Statistiche generali
  • Questo quiz è stato fatto 15 volte
  • Il punteggio medio è 16 su 20
Statistiche sulle risposte
Volte in cui viene nominato Indizio (basato sul motivo per cui lo stato è nominato nella pagina Wikipedia) Paese % Corretto
7 Paese confinante Argentina
100%
5 Paese confinante Bolivia
100%
6 Il Cile ha in ISU più alto di questa altra importante economia latinoamericana Brasile
100%
7 Paese confinante Perù
100%
2 Paese da cui il Cile ottenne l'indipendenza Spagna
100%
9 Paese che spinse il Cile a dichiarare guerra all'Asse durante la seconda guerra mondiale Stati Uniti
100%
1 Paese nel cui terziario il Cile ha compiuto importanti investimenti Colombia
90%
1 Importante partner commerciale del Cile Italia
90%
2 Paese che nel 2000 rifiutò di arrestare l'ex dittatore cileno Augusto Pinochet Regno Unito
90%
4 Importante partner commerciale del Cile Cina
80%
1 Paese d'origine di parte dell'importante comunità basca immigrata in Cile tra '800 e '900 Francia
80%
1 Nel 2003, all'ONU, il Cile votò contro l'invasione di questo paese Iraq
80%
2 Il Cile ha in ISU più alto di questa altra importante economia latinoamericana Messico
80%
1 Il Cile ha superato questo paese nell'esportazione di salmone, divenendo leader globale del settore Norvegia
80%
2 Il Cile ha in ISU più alto di questa altra importante economia latinoamericana Uruguay
80%
4 Importante partner commerciale del Cile Giappone
70%
1 Paese che fu sede della "Scuola delle Americhe", dove si formarono i golpisti cileni del 1973 Panama
60%
4 Attuale meta di emigrazione di numerosi cileni Svezia
60%
1 Importante partner commerciale del Cile Corea del Sud
50%
2 Importante partner commerciale del Cile, anche di apparecchi militari Paesi Bassi
30%
Nessun quiz corrispondente trovato
Distribuzione punteggi
Percentuale di utenti per punteggio
Percentile per numero di risposta
I tuoi punteggi nel tempo
Non hai fatto questo quiz